000 01133cab a22002295a 4500
001 L140091
008 070904s2007 xxkd 000 0 eng d
035 _a(Sirsi) u140091
041 0 _aeng
100 1 _aIzzuddin, B. A.
245 0 0 _aAssessment of progressive collapse in multi-storey buildings
260 _c2007
490 0 _aProceedings of the Institution of Civil Engineers
_bStructures and Buildings
_v160(4) 197-205(9)
520 _aProposes a simplified approach for progressive collapse assessment of multi-storey building structures subject to sudden column loss, which offers a quantitative framework for the consideration of such important issues as ductility, redundancy and energy absorption. The proposed approach can be directly applied in design practice, and it enables the quantification of structural robustness for sudden column loss scenarios. References. [Taken from journal abstract].
590 _aKA
651 4 _aUnited Kingdom
_y
690 _aBUILT ENVIRONMENT-CONSTRUCTION DESIGN
700 1 _aVlassis, A. G.
700 1 _aElghazouli, A. Y.
700 1 _aNethercot, D. A.
942 _n0
999 _c79189
_d79189